21st century ambassador plenipotenttiary to chief executive / (Record no. 17032)

MARC details
000 -LEADER
fixed length control field 00754nam a22002057a 4500
008 - FIXED-LENGTH DATA ELEMENTS--GENERAL INFORMATION
fixed length control field 081020t xxu||||| |||| 00| 0 eng d
010 ## - LIBRARY OF CONGRESS CONTROL NUMBER
LC control number ENG-84065
020 ## - INTERNATIONAL STANDARD BOOK NUMBER
International Standard Book Number 0195675339
020 ## - INTERNATIONAL STANDARD BOOK NUMBER
Terms of availability 495.00 (hb)
035 ## - SYSTEM CONTROL NUMBER
System control number EN-67598
082 ## - DEWEY DECIMAL CLASSIFICATION NUMBER
Classification number 327.2092
100 ## - MAIN ENTRY--PERSONAL NAME
Personal name Rana, Kishan S
245 ## - TITLE STATEMENT
Title 21st century ambassador plenipotenttiary to chief executive /
Statement of responsibility, etc by Kishan S Rana
260 ## - PUBLICATION, DISTRIBUTION, ETC. (IMPRINT)
Place of publication, distribution, etc New Delhi
Name of publisher, distributor, etc Oxford University Press
260 ## - PUBLICATION, DISTRIBUTION, ETC. (IMPRINT)
Date of publication, distribution, etc 2005
300 ## - PHYSICAL DESCRIPTION
Extent xxix,258p
Dimensions 22cm
500 ## - GENERAL NOTE
General note Includes bibliographical references and index
942 ## - ADDED ENTRY ELEMENTS (KOHA)
Source of classification or shelving scheme Dewey Decimal Classification
Koha item type English Books
Classification part 327.2092
Call number suffix RAN
Holdings
Withdrawn status Lost status Source of classification or shelving scheme Damaged status Not for loan Home library Current library Date acquired Cost, normal purchase price Total Checkouts Full call number Barcode Date last seen Copy number Cost, replacement price Price effective from Koha item type
    Dewey Decimal Classification   Not For Loan D.B.Act.Division D.B.Act.Division 22/02/2007 495.00   327.2092 RAN EN-67598 21/10/2008 1 450.00 21/10/2008 English Books

© Delhi Public Library
Hit Counter
free hit counter